College Quizbowl Stats
College Quizbowl Stats
Circuits
Seasons
Sets
Records
Detailed Stats
About
Loading...
2023 BHSU @ Berkeley
Tossups
Bonuses
Players
Teams
Categories (Tossup)
Categories (Bonus)
Joey Montoya
[Insert Lawyer Joke Here]
Categories
Category
Powers
Gets
Negs
BBs
Points
Earliest Buzz
Avg. Buzz
First Buzzes
Top 3 Buzzes
Science - Chemistry
2
0
1
0
25
27
51.50
2
2
Arts - Other Arts
1
0
0
0
15
68
68.00
1
1
Science - Engineering
1
0
0
0
15
41
41.00
1
1
Arts - Music
0
0
1
0
-5
0.00
0
0
Science - Other Science
0
0
1
0
-5
0.00
0
0
Buzzes
Category
Answer
Value
Buzz Position
Science - Chemistry
nucleation
15
27
Science - Engineering
energy storage
15
41
Arts - Other Arts
hot
15
68
Arts - Music
fantasias
-5
71
Science - Chemistry
diamond anvil cells
15
76
Science - Other Science
atmospheric aerosols
-5
90
Science - Chemistry
pore size
-5
103
Science - Other Science
conformal map
0
129
Science - Other Science
step size
0
133
Previous
1
Next